Le top 4 de la Ligue Europa par saison - Statistiques

Statistiques générales
  • Ce quiz a été pris 216 fois
    26 depuis la dernière actualisation
  • Le résultat moyen est 39 sur 59
Statistiques - réponses
Saison 1ER % Correct
Ajax Amsterdam
100%
Atalanta Bergame
100%
Atlético Madrid
100%
2003-2004 FC Séville
100%
Manchester United
100%
2011-2012 Olympique de Marseille
100%
Olympique Lyonnais
100%
Tottenham Hotspur
100%
Bayer Leverkusen
96%
Chelsea FC
96%
Eintracht Francfort
96%
AS Roma
92%
2018-2019 Borussia Dortmund
92%
2017-2018 Inter Milan
92%
Juventus
92%
2023-2024 Liverpool FC
92%
2010-2011 Valence CF
92%
2009-2010 Villarreal CF
92%
Arsenal FC
88%
SL Benfica
88%
2016-2017 AC Milan
83%
2021-2022 FC Barcelone
83%
2014-2015 FC Porto
83%
2019-2020 Feyenoord Rotterdam
83%
2013-2014 Lazio Rome
83%
Athletic Bilbao
79%
2015-2016 Celtic Glasgow
79%
Glasgow Rangers
79%
Bayern Munich
75%
ACF Fiorentina
71%
Dynamo Kiev
71%
2007-2008 Sporting CP
71%
SSC Napoli
71%
2008-2009 Newcastle United
67%
RB Leipzig
67%
Hambourg SV
63%
SC Braga
63%
West Ham United
58%
2006-2007 CSKA Moscou
54%
2001-2002 FC Schalke 04
54%
Zénith Saint-Pétersbourg
54%
FC Salzbourg
50%
FK Bodø/Glimt
50%
2004-2005 Parme Calcio
50%
Fenerbahce SK
42%
Shakhtar Donetsk
38%
Werder Brême
38%
Celta Vigo
33%
FK Dnipro
33%
2005-2006 AZ Alkmaar
29%
FC Bâle
29%
Fulham FC
25%
Espanyol Barcelone
21%
2000-2001 FCSB
17%
2002-2003 Middlesbrough FC
13%
CA Osasuna
4%
2022-2023 Deportivo Alavés
4%
2020-2021 FC Kaiserslautern
4%
2012-2013 Boavista FC
0%
Aucun quiz correspondant
Distribution des résultats
% des personnes avec chaque résultat
Percentile par nombre de réponses
Votre historique - résultats
Vous n’avez pas pris ce quiz depuis la dernière actualisation